| 000 -ლიდერი |
| ფიქსირებული სიგრძის საკონტროლო ველი |
01300nam a22002417a 4500 |
| 003 - საკონტროლო ნომრის იდენტიფიკატორი |
| საკონტროლო ველი |
Ge_BSU |
| 005 - ბოლო ოპერაციის თარიღი და დრო |
| საკონტროლო ველი |
20230719122525.0 |
| 008 - ფიქსირებული სიგრძის მონაცემთა ელემენტები - ზოგადი ინფორმაცია |
| ფიქსირებული სიგრძის საკონტროლო ველი |
230719s2017ge xxu||||| |||| 00| 0 geo d |
| 020 ## - წიგნის საერთაშორისო სტანდარტული ნომერი |
| International Standard Book Number |
9789941084669 |
| 041 ## - ენის კოდი |
| Language code of text/sound track or separate title |
geo |
| 080 ## - უნივერსალური ათობითი კლასიფიკაციის ინდექსი |
| Universal Decimal Classification number |
311(042.4) რ-71 |
| 100 ## - მთავარი ჩანაწერი - პიროვნების სახელი |
| Personal name |
რობიტაშვილი, ნატალია. |
| 9 (RLIN) |
11729 |
| 245 ## - ცნობა სათაურის შესახებ |
| Title |
სტატისტიკის თეორია : |
| Remainder of title |
(სალექციო კურსი) / |
| Statement of responsibility, etc |
ნატალია რობიტაშვილი, ზამირა შონია ; რედ. ნინო აბესაძე ; წინასიტყვაობა ბიკენტი გაბიძაშვილი. |
| 264 ## - წარმოების, გამოცემის, დისტრიბუციის და სხვა ცნობები |
| გამოცემის, წარმოების, დისტრიბუციის... ადგილი |
თბილისი, |
| გამოცემის, წარმოების, დისტრიბუციის... თარიღი |
2017. |
| 300 ## - ფიზიკური აღწერა |
| Extent |
184 გვ. : |
| Other physical details |
ცხრ. ნახ. ; |
| Dimensions |
20 სმ. |
| 504 ## - BIBLIOGRAPHY, ETC. NOTE |
| Bibliography, etc |
ბიბლიოგრ.: გვ. 183-184. |
| 653 ## - INDEX TERM--UNCONTROLLED |
| Uncontrolled term |
სტატისტიკის თეორია ლექციების კურსი. |
| 700 ## - ADDED ENTRY--PERSONAL NAME |
| Personal name |
შონია, ზამირა |
| 9 (RLIN) |
19434 |
| 700 ## - ADDED ENTRY--PERSONAL NAME |
| Personal name |
აბესაძე,ნინო |
| Relator term |
რედაქტორი |
| 9 (RLIN) |
19435 |
| 700 ## - ADDED ENTRY--PERSONAL NAME |
| Personal name |
გაბიძაშვილი, ბიკენტი |
| Relator term |
წინასიტყვაობა |
| 9 (RLIN) |
5072 |
| 773 ## - HOST ITEM ENTRY |
| Title |
ნაჩუქარი |
| 942 ## - ADDED ENTRY ELEMENTS (KOHA) |
| Source of classification or shelving scheme |
|
| Koha item type |
წიგნი |